Schaum's outline of theory and problems of advanced calculus [electronic resource] (Record no. 576648)

000 -LEADER
fixed length control field 00508nam a22001577a 4500
020 ## - INTERNATIONAL STANDARD BOOK NUMBER
International Standard Book Number 0071398341
082 ## - DEWEY DECIMAL CLASSIFICATION NUMBER
Classification number 280 SCB
100 ## - MAIN ENTRY--PERSONAL NAME
Personal name Wrede, Robert C
9 (RLIN) 69300
245 ## - TITLE STATEMENT
Title Schaum's outline of theory and problems of advanced calculus [electronic resource]
250 ## - EDITION STATEMENT
Edition statement 2nd ed
260 ## - PUBLICATION, DISTRIBUTION, ETC.
Place of publication, distribution, etc. New York
Name of publisher, distributor, etc. McGraw Hill
Date of publication, distribution, etc. 2002
300 ## - PHYSICAL DESCRIPTION
Extent 433 p
Other physical details viii, ill
490 ## - SERIES STATEMENT
Series statement Schaum's outline series
650 ## - SUBJECT ADDED ENTRY--TOPICAL TERM
Topical term or geographic name entry element Calculus -- Outlines, syllabi, etc | Calculus -- Problems, exercises, etc
9 (RLIN) 69301
942 ## - ADDED ENTRY ELEMENTS (KOHA)
Koha item type Book
Holdings
Withdrawn status Lost status Damaged status Not for loan Permanent Location Current Location Shelving location Date acquired Total Checkouts Full call number Barcode Date last seen Price effective from Koha item type
        College of Electrical & Mechanical Engineering (CEME) College of Electrical & Mechanical Engineering (CEME) General Stacks 12/20/2017   280 SCB CEME -SCB-19058 06/28/2021 06/28/2021 Book
        College of Electrical & Mechanical Engineering (CEME) College of Electrical & Mechanical Engineering (CEME) General Stacks 12/20/2017   280 SCB CEME -SCB-19059 06/28/2021 06/28/2021 Book
© 2023 Central Library, National University of Sciences and Technology. All Rights Reserved.